| 000 | 00601nam a22002537a 4500 | ||
|---|---|---|---|
| 003 | UA-OsUOA | ||
| 001 | 25728 | ||
| 007 | ta | ||
| 008 | 20040426b un ||||| |||| 00| 0 ukr d | ||
| 100 | _aЮрій М.Ф. | ||
| 090 |
_a94(477)(075.8) _bЮ71 |
||
| 942 | _cBK | ||
| 040 |
_aUA-OsUOA _bukr _cUA-OsUOA _dUA-OsUOA |
||
| 245 |
_aІсторія України _bНавч. посіб. |
||
| 300 | _a252 с. | ||
| 955 | _a0 | ||
| 041 | _aukr | ||
| 080 | _a94(477)(075.8) | ||
| 020 | _a966-7982-34-3 | ||
| 260 |
_aКиїв _bКондор _c2004 |
||
| 044 | _aUA | ||
| 650 | 7 | _2UDC | |
| 999 |
_c312028 _d312028 |
||